LEADER 01518nam a2200277 i 4500 001 000000251371 003 CaOOAMICUS 005 20161111000000.0 008 161111s1992 xx u000 u mul u 013 $a230276 040 $aSeMil$bita 100 1 $aPergolesi, Giovanni Battista.$0(OLS)http://semarc/name/74125 245 10$aStabat Mater :$bfor Soprano, Alto, Strings and Basso continuo = Stabat Mater : für Sopran, Alt, Streicher und Basso continuo /$cGiovanni Battista Pergolesi ; edited by herausgegeben von Jürgen Neubacher. 246 01$aStabat Mater : für Sopran, Alt, Streicher und Basso continuo 260 $aLondon :$bErnst Eulenburg Ltd,$ccopyr. 1992. 300 $aXVIII, 83 p. :$bnotazione musicale ;$c19 cm. 490 0 $aEdition Eulenburg ;$vN.973 650 4$aPergolesi, Giovanni Battista.$0(OLS)http://semarc/subject/19178 700 1 $aNeubacher, Jürgen.$0(OLS)http://semarc/name/83560 830 0$aEdition Eulenburg ;$vN.973.$0(OLS)http://semarc/title/45245 850 $aSeMil 852 $aSeMil$W1$xVenegono$y1$m3Q I 116$j201717$B201717$CSeMilBibl$Z2$F214089 $81 961 $aOmaggio: Colombo don Alberto 996 $6245$aStabat Mater :$bfor Soprano, Alto, Strings and Basso continuo = Stabat Mater : für Sopran, Alt, Streicher und Basso continuo$9(OLS)http://semarc/title/353558 996 $6246$aStabat Mater : für Sopran, Alt, Streicher und Basso continuo$9(OLS)http://semarc/title/353559 996 $6260$aLondon :$bErnst Eulenburg Ltd$9(OLS)http://semarc/publisher/39602 LEADER 01274nam a2200301 i 4500 001 000000112142 003 CaOOAMICUS 005 20030207000000.0 008 030207s1993 it u000 u ita u 013 $a84826 020 $a88-7783-073-5 040 $aSeMil$bita 100 1 $aGorbacev, Michail.$0(OLS)http://semarc/name/46989 245 10$aVincitori e perdenti :$bdall'Urss alla Russia /$cMichail Gorbacev ; prefazione di Ezio Mauro. 260 $aTorino :$bEditrice La Stampa,$ccopyr. 1993. 300 $aXXIV, 125 p. ;$c21 cm. 490 0 $aProblemi di attualità 500 $aContiene : Appendice. - Fondo Card. C.M. Martini. 650 4$aRussia - Storia - Sec. 20.$0(OLS)http://semarc/subject/2386 700 1 $aMauro, Ezio <1948- >.$0(OLS)http://semarc/name/8995 830 0$aProblemi di attualità.$0(OLS)http://semarc/title/11354 850 $aSeMil 852 $aSeMil$W1$xVenegono$y1$m3N II 37$j67924$B67924$CSeMilBibl$Z2$F84105 $81 941 1 $a4 961 $aOmaggio: Martini Card. Carlo Maria 996 $6020$a88-7783-073-5$9(OLS)http://semarc/number/94620 996 $6245$aVincitori e perdenti :$bdall'Urss alla Russia$9(OLS)http://semarc/title/163435 996 $6260$aTorino :$bEditrice La Stampa$9(OLS)http://semarc/publisher/32327